|
|
|
|
| LEADER |
00000naa2a2200000 4500 |
| 001 |
156893 |
| 005 |
20231220135622.0 |
| 035 |
|
|
|a (RuTPU)RU\TPU\book\170145
|
| 090 |
|
|
|a 156893
|
| 100 |
|
|
|a 20090331d2008 k y0rusy50 ca
|
| 101 |
0 |
|
|a rus
|
| 102 |
|
|
|a RU
|
| 200 |
1 |
|
|a Создание проекта участка термической обработки деталей машиностроительных подшипников в условиях завода "Приборный подшипник"
|f К. К. Манабаев, Е. В. Беликов
|
| 320 |
|
|
|a Библиогр.: 5 назв.
|
| 463 |
|
0 |
|0 (RuTPU)RU\TPU\book\158722
|t Новые материалы. Создание, структура, свойства - 2008
|o труды
|o VIII Всероссийская школа-семинар с международным участием, 9-10 июня 2009 г., г. Томск
|f Томский политехнический университет (ТПУ) ; Российская академия наук (РАН), Сибирское отделение (СО), Институт физики прочности и материаловедения (ИФПМ)
|v С. 176-179
|d 2008
|p 232 с.
|
| 610 |
1 |
|
|a подшипники
|
| 610 |
1 |
|
|a детали
|
| 610 |
1 |
|
|a термическая обработка
|
| 610 |
1 |
|
|a приборные подшипники
|
| 610 |
1 |
|
|a хромистая сталь
|
| 610 |
1 |
|
|a метанол
|
| 610 |
1 |
|
|a цеха
|
| 610 |
1 |
|
|a медернизация
|
| 610 |
1 |
|
|a термические цехи
|
| 610 |
1 |
|
|a проекты
|
| 610 |
1 |
|
|a труды учёных ТПУ
|
| 700 |
|
1 |
|a Манабаев
|b К. К.
|c физик
|c доцент Томского политехнического университета, кандидат физико-математических наук
|f 1985-
|g Кайрат Камитович
|3 (RuTPU)RU\TPU\pers\31643
|9 15781
|
| 701 |
|
1 |
|a Беликов
|b Е. В.
|
| 801 |
|
1 |
|a RU
|b 63413507
|c 20090331
|g PSBO
|
| 801 |
|
2 |
|a RU
|b 63413507
|c 20150423
|g PSBO
|
| 942 |
|
|
|c BK
|